000 02347nam a2200325Ia 4500
999 _c37517
_d37517
001 3481
003 GE_BSU
005 20190619185837.0
008 181216s2009||||ge |||||||||||||| ||geo||
020 _a9789941015618
040 _cGE_BSU
041 _ageo
080 _a373.5.035+341.231.14+321.7 ბ–91
100 _aბრეტი, პიტერ
_92630
245 _aრა უნდა გააკეთოს თითოეულმა მასწავლებელმა სამოქალაქო განათლებისა და ადამიანის უფლებების შესახებ სწავლების ხელშესაწყობად :
_bმასწავლებელთა კომპეტენციების ჩარჩო /
_c პიტერ ბრეტი, პასკალ მომპოინტ-გელარდი და მარია ელენა სალემა ; წიგნზე ასევე მუშაობდნენ: ვირგილიო მეირა სოარესი და სხვ. ; მთარგმნ. მაია ჩანქსელიანი ; რედ. ნათია ნაცვლიშვილი ; ილ. პეტი ვისკემანი.
250 _aპირველი ქართ. გამოცემა
264 _aთბილისი :
_bევროპის საბჭო,
_c2009.
300 _a75 გვ. :
_bცხრ. ;
_c29 სმ.
501 _aდანართი: გვ. 68-70.
504 _aბიბლიოგრ: გვ. 71-75.
653 _aსამოქალაქო განათლება
653 _aადამიანის უფლებები
653 _aდემოკრატია
700 _aმომპოინტ-გელარდი, პასკალ
_eავტორი
_92631
700 _aსალემა, მარია ელენა
_eავტორი
_92632
700 _aჩანქსელიანი, მაია
_eმთარგმნელი
_92570
700 _aნაცვლიშვილი, ნათია
_eრედაქტორი
_9890
700 _aვისკემანი, პეტი
_eმხატვარი
_92633
942 _cBK
_2udc